| 000 | 00410pab a2200157 454500 | ||
|---|---|---|---|
| 008 | 180718b2017 xxu||||| |||| 00| 0 eng d | ||
| 100 | _aSrija, A. | ||
| 245 | _aNational policy on skill development and entrepreneurship- 2015: an overview | ||
| 260 | _c2017 | ||
| 300 | _ap.12-14. | ||
| 362 | _aSep | ||
| 650 | _aEntrepreneurs | ||
| 650 | _aSkills development | ||
| 773 | _aKurukshetra | ||
| 909 | _a115960 | ||
| 999 |
_c115954 _d115954 |
||